Historia de la Ciencia y sus relaciones con la filosofía y la religión.
Enregistré dans:
| Auteur principal: | |
|---|---|
| Format: | Livre |
| Langue: | espagnol |
| Publié: |
Madrid, España:
Tecnos,
1997.
|
| Édition: | Tercera edición. |
| Collection: | Colección Filosofía y Ensayo.
|
| Sujets: | |
| Tags: |
Ajouter un tag
Pas de tags, Soyez le premier à ajouter un tag!
|
MARC
| LEADER | 00000nam a2200000 a 4500 | ||
|---|---|---|---|
| 001 | UCM5276 | ||
| 003 | CL-VaPUC | ||
| 005 | 20220822114350.0 | ||
| 008 | 021003e19970000SP |||||||||||||||||spa|d | ||
| 999 | |c 301415 |d 301413 | ||
| 020 | |a 84-309-0359-3 | ||
| 040 | |c Pontificia Universidad Católica de Valparaíso | ||
| 082 | 0 | 4 | |a 509 DAM 1997 |2 21 |
| 100 | 0 | |a Dampier, William Cecil |e autor |9 471508 | |
| 245 | 1 | 0 | |a Historia de la Ciencia y sus relaciones con la filosofía y la religión. |
| 250 | |a Tercera edición. | ||
| 260 | |a Madrid, España: |b Tecnos, |c 1997. | ||
| 300 | |a 570 páginas. | ||
| 490 | 0 | |a Colección Filosofía y Ensayo. | |
| 500 | |a c.2 Donación Familia Prof. Alejandro Guzmán Brito. | ||
| 583 | |a last modification |c 20021003 00:00:00 |k Rodrigo Vera | ||
| 600 | 0 | |a Dampier, William Cecil |2 CL-VaPUC |9 471509 | |
| 650 | 0 | |a Filosofía de las ciencias |9 256466 | |
| 650 | 0 | |a Ciencia |9 255691 |x Historia | |
| 650 | 0 | |a Ciencia y religión |2 CL-VaPUC |9 321686 | |
| 942 | |c BK |2 ddc |n 0 | ||
| 945 | |d 20021003 00:00:00 |a vberengu | ||
| 952 | |0 0 |1 0 |4 0 |6 509_000000000000000_DAM_1997 |7 0 |8 A |9 360335 |a BIBTEO |b BIBTEO |d 2019-11-21 |i 3835545 |o 509 DAM 1997 |p 3835545 |r 2025-01-17 |w 2019-11-21 |y BK |k ICR | ||